000
00348nam a2200157Ia 4500
003
OSt
005
20240103162717.0
008
170524s9999 xx 000 0 und d
020
_a
9780074517017
040
_c
IIMTU
100
_a
Jain RP
245
0
_a
Digital Electronics and Microprocessors
260
_b
TMH
260
_c
2004
942
_2
ddc
_c
02
999
_c
5029
_d
5029